000 01113cam a2200277 4500
008 000000n2000 000 0 eng u
020 _a1858112060
035 _a(Sirsi) u105397
050 _a333.73
100 _aEdwards, Martin
245 _aContaminated land : property transactions and the new regime.
260 _aWelwyn Garden City
_bCLT Professional Publishing Ltd
_c2000
300 _axxvii,216p. ; 24cm.
350 _a38.00
520 _aLooks at the implications for property in the new contaminated land regime, which brought Part IIA of the Environmental Protection Act 1990 into force on 1 April 2000. Also refers to other law on the subject and gives advice on dealing with contamination in corporate and property transactions.
650 _aENVIRONMENTAL PROTECTION ACT 1990 PART IIA
650 _aENVIRONMENT ACT 1995
650 _aCONTAMINATED LAND (ENGLAND) REGULATIONS 2000
650 _aREMEDIATION
650 _aLIABILITY
690 _aENVIRONMENT-CONTAMINATION
700 _aHarwood, Richard
700 _aSmith, Claire
700 _aUpton, William
942 _n0
999 _c100383
_d100383